Die größten Städte pro Bundesland - Buchstabe J - Statistiken

Allgemein
  • Dieses Quiz wurde 101 mal gespielt
  • Das Durchschnittsergebnis liegt bei 4 aus 34
Antwortstatistiken
Bundesland Einwohnerzahl Stadt % Korrekt
Thüringen 110.502 Jena
96%
Nordrhein-Westfalen 32.635 Jülich
66%
Niedersachsen 14.550 Jever
53%
Sachsen-Anhalt 6.788 Jerichow
33%
Brandenburg 12.382 Jüterbog
29%
Sachsen-Anhalt 14.150 Jessen (Elster)
27%
Nordrhein-Westfalen 23.611 Jüchen
23%
Sachsen 3.758 Johanngeorgenstadt
19%
Mecklenburg-Vorpommern 2.922 Jarmen
11%
Brandenburg 3.388 Joachimsthal
10%
Bayern 3.992 Johannesberg
9%
Baden-Württemberg 8.001 Jettingen
8%
Bayern 7.207 Jettingen-Scheppach
8%
Rheinland-Pfalz 7.470 Jockgrim
8%
Niedersachsen 12.085 Jork
8%
Niedersachsen 7.923 Jesteburg
5%
Baden-Württemberg 2.325 Jagstzell
3%
Mecklenburg-Vorpommern 2.232 Jatznick
3%
Baden-Württemberg 5.221 Jestetten
3%
Schleswig-Holstein 3.392 Jevenstedt
3%
Hessen 3.371 Jossgrund
3%
Brandenburg 1.884 Jacobsdorf
1%
Sachsen 5.423 Jahnsdorf (Erzgebirge)
1%
Sachsen 3.087 Jesewitz
1%
Rheinland-Pfalz 1.806 Jünkerath
1%
Bayern 3.295 Jandelsbrunn
0%
Thüringen 158 Jenalöbnitz
0%
Schleswig-Holstein 1.781 Jersbek
0%
Hessen 2.197 Jesberg
0%
Thüringen 316 Jonaswalde
0%
Sachsen-Anhalt 1.569 Jübar
0%
Schleswig-Holstein 2.744 Jübek
0%
Rheinland-Pfalz 1.622 Jungenheim (i. Rheinhessen)
0%
Mecklenburg-Vorpommern 1.120 Jürgenshagen
0%
Keine übereinstimmenden Quizze gefunden
Verteilung der Resultate
Anzahl Personen mit jedem Resultat
Perzentil nach korrekt beantworteten Fragen
Ihre Resultats-Entwicklung
Sie haben dieses Quiz noch nicht gespielt